Vybrané logistické súvislosti globalizácie

Vstup podniku na medzinárodné trhy. Postup manažmentu podniku pri hodnotení príležitosti preniesť výrobu do krajiny s nízkymi nákladmi. Celkový pohľad na problém vo všetkých súvislostiach. Voľba správneho výrobku. Výber vhodného zdroja. Návrh logistického reťazca. Modelové hodnotenie výsledkov. Kone...

Ausführliche Beschreibung

Gespeichert in:
Bibliographische Detailangaben
1. Verfasser: Ceniga, Pavel
Weitere Verfasser: Majerčák, Peter
Format: Buchkapitel
Sprache:Slowakisch
Schlagworte:
Tags: Tag hinzufügen
Keine Tags, Fügen Sie das erste Tag hinzu!

MARC

LEADER 00000naa$a2200000$$$4500
001 0064744
005 20231108134251.0
041 0 |a slo 
044 |a SK 
245 1 0 |a Vybrané logistické súvislosti globalizácie  |c Pavel Ceniga, Peter Majerčák 
520 |a Vstup podniku na medzinárodné trhy. Postup manažmentu podniku pri hodnotení príležitosti preniesť výrobu do krajiny s nízkymi nákladmi. Celkový pohľad na problém vo všetkých súvislostiach. Voľba správneho výrobku. Výber vhodného zdroja. Návrh logistického reťazca. Modelové hodnotenie výsledkov. Konečné rozhodnutie. 
610 2 0 |a obchod medzinárodný 
610 2 0 |a trh 
610 2 0 |a globalizácia 
610 2 0 |a výroba 
610 2 0 |a logistika 
610 2 0 |a náklady 
610 2 0 |a skladovanie 
610 2 0 |a ceny 
610 2 0 |a distribúcia 
610 2 0 |a reťazce logistické 
100 1 |a Ceniga, Pavel 
700 1 |a Majerčák, Peter